000
00262pab a2200109 454500
008
180718b xxu||||| |||| 00| 0 eng d
100
_a
Dhavan, Rajiv
245
_a
Why blame art 356?
650
_a
Federal State Relations
773
_a
Hindustan Times
909
_a
23409
999
_c
23409
_d
23409